000 00606nam a2200193Ia 4500
003 GCL
005 20240530102514.0
008 140319s9999 xx 000 0 ara d
040 _aGCL /
_cGCL
082 0 4 _a443.1
_bط/م ق
100 1 _aمكتبة لبنان
245 1 0 _aقاموس الالفبائى الاول -عربى - فرنسى /
_cمكتبة لبنان
260 _a[S.N] :
_bمكتبة لبنان
490 _aقاموس الالفبائى الاول
_v0
650 0 4 _aاللغة الفرنسية
650 0 4 _aاللغة العربية
650 0 4 _aالافعال
942 _2ddc
_cBK
999 _c32746
_d32746